000 00564nam a2200217 i 4500
001 C2-0028633
003 PPAK
005 20190630222015.0
008 970205s1985 enka|||| ||||| | eng d
040 _aPPAK
_beng
_cPPAK
_erda
082 0 4 _a796.426
_223
090 0 0 _a796.426
_bCOM
_dR
245 0 0 _aComplete guide to running
264 1 _aMiddlesex :
_bHamlyn ,
_c1985
300 _a176 pages :
_billustrations ;
_c25 cm
336 _2rdacontent
_atext
337 _2rdamedia
_aunmediated
338 _2rdacarrier
_avolume
700 _eauthor
942 _ddc
_cB
999 _c5225
_d5225